[Event "Køge Bugt Vinter 2013"]
[Site "Solrød Skole"]
[Date "2013.01.09"]
[Round "1.1"]
[White "Hald, Morten Hansen"]
[Black "Krogh, Peter Ove"]
[Result "1-0"]
[WhiteElo "1784"]
[BlackElo "1901"]
[PlyCount "103"]
[EventDate "2013.??.??"]
[WhiteTeam "Køge Skakklub"]
[BlackTeam "Køge Skakklub"]

1. e4 c5 2. d4 cxd4 3. c3 dxc3 4. Nxc3 Nc6 5. Nf3 g6 6. Bc4 e6 7. O-O a6 8. Bf4
b5 9. Bb3 Bg7 10. Rc1 Nge7 11. Qd2 O-O 12. Rfd1 f6 13. Qe3 Kh8 14. Bxe6 b4 15.
Ne2 g5 16. Bg3 Qe8 17. Bb3 h5 18. Bd6 Qg6 19. Ned4 Re8 20. Qd2 Nxd4 21. Nxd4
Bb7 22. Qxb4 Qxe4 23. Nf3 Qxb4 24. Bxb4 Bxf3 25. gxf3 Nc6 26. Rxd7 Nxb4 27.
Rcc7 Rg8 28. Bxg8 Rxg8 29. a3 Na2 30. b4 f5 31. Ra7 Nc3 32. Rxa6 Ne2+ 33. Kf1
Nf4 34. b5 Rc8 35. Rc6 Ra8 36. Ra6 Rc8 37. Rd1 Rc2 38. Ra8+ Kh7 39. Re8 Kg6 40.
Rb1 Bd4 41. b6 Rxf2+ 42. Ke1 Rxh2 43. Rb3 Rh1+ 44. Kd2 Rh2+ 45. Kd1 Rh1+ 46.
Re1 Rh3 47. b7 Ba7 48. Rb6+ Kf7 49. Ra6 Bb8 50. Ra8 Rxf3 51. Rxb8 Rxa3 52. Rf8+
1-0

[Event "Køge Bugt Vinter 2013"]
[Site "Solrød Skole"]
[Date "2013.01.09"]
[Round "1.2"]
[White "Christensen, Peter"]
[Black "Stuhr, Finn"]
[Result "1-0"]
[WhiteElo "1715"]
[BlackElo "1705"]
[PlyCount "55"]
[EventDate "2013.??.??"]
[WhiteTeam "Køge Skakklub"]
[BlackTeam "Køge Skakklub"]

1. d4 d5 2. c4 Nf6 3. cxd5 Nxd5 4. Nc3 e6 5. e4 Nf6 6. Nf3 Bb4 7. Bd3 Nc6 8. a3
Ba5 9. O-O Nxd4 10. Nxd4 Qxd4 11. Bb5+ Qd7 12. Bxd7+ Bxd7 13. b4 Bb6 14. Bb2
O-O-O 15. Qe2 h5 16. Rad1 e5 17. h3 a6 18. Rfe1 g5 19. Qf3 Rh6 20. Bc1 Rg6 21.
Nd5 g4 22. Nxb6+ Kb8 23. Nxd7+ Nxd7 24. Qxf7 Rf6 25. Qxh5 gxh3 26. Qxh3 Rf7 27.
Qe6 Rh7 28. Re3 1-0

[Event "Køge Bugt Vinter 2013"]
[Site "Solrød Skole"]
[Date "2013.01.09"]
[Round "1.3"]
[White "Nielsen, Steen"]
[Black "Jørgensen, Leif"]
[Result "1-0"]
[WhiteElo "1814"]
[BlackElo "1684"]
[PlyCount "91"]
[EventDate "2013.??.??"]
[WhiteTeam "Solrød Skakklub"]
[BlackTeam "Solrød Skakklub"]

1. d4 d5 2. c4 c6 3. Nf3 Nf6 4. Nc3 e6 5. a3 Be7 6. e3 O-O 7. Bd3 dxc4 8. Bxc4
b5 9. Bd3 a6 10. O-O Bb7 11. Qe2 c5 12. dxc5 Bxc5 13. b4 Bd6 14. Bb2 Nc6 15.
Rfd1 Qc7 16. Ne4 Nxe4 17. Bxe4 f5 18. Bc2 h6 19. Bb3 Rae8 20. Rac1 Qe7 21. h3
Rc8 22. Nh4 Kh7 23. Qh5 Qg5 24. Qxg5 hxg5 25. Rxd6 gxh4 26. Rd7 Ba8 27. Rxg7+
Kh6 28. Bxe6 Rcd8 29. Rc7 Kg6 30. Bd7 Ne7 31. Rd1 Bc6 32. Rd6+ Kg5 33. f4+ Kh5
34. Bxc6 Rxd6 35. Bf3+ Kg6 36. Rxe7 Rg8 37. Bd4 Kh6 38. Re5 Kg6 39. Bc5 Rd7 40.
Re6+ Kh7 41. Rf6 Rdg7 42. Rxf5 Rg3 43. Kf2 R3g6 44. Rh5+ Kg7 45. Bd4+ Kf8 46.
Bd5 1-0

[Event "Køge Bugt Vinter 2013"]
[Site "Solrød Skole"]
[Date "2013.01.09"]
[Round "1.4"]
[White "Hansen, Jeppe"]
[Black "Forsmann, Henning"]
[Result "1-0"]
[WhiteElo "1540"]
[BlackElo "1737"]
[PlyCount "81"]
[EventDate "2013.??.??"]
[WhiteTeam "Vordingborg Skakklub"]
[BlackTeam "Solrød Skakklub"]

1. e4 d6 2. Nf3 g6 3. d4 Bg7 4. Bc4 c6 5. c3 Nf6 6. e5 dxe5 7. Nxe5 O-O 8. Qb3
Nd5 9. O-O Qb6 10. Bxd5 cxd5 11. Qxd5 Be6 12. Qf3 Nd7 13. Nxd7 Bxd7 14. Re1 e6
15. b3 Rac8 16. Bb2 Bc6 17. Qe3 Qd8 18. Nd2 Qd5 19. Nf3 Qh5 20. Ne5 Bb5 21. c4
Ba6 22. Qf3 Qg5 23. Ba3 Rc7 24. Bxf8 Bxf8 25. Rad1 b6 26. Qg4 Qf6 27. Re3 Bb7
28. h4 Bh6 29. Red3 Bf4 30. h5 Be4 31. Rc3 Bb7 32. hxg6 fxg6 33. Nd3 Bd6 34.
Re1 Bc8 35. Re3 Kg7 36. Ne5 h5 37. Qf3 Qe7 38. Qe4 Bxe5 39. Qxe5+ Kh7 40. d5
Rb7 41. dxe6 1-0

[Event "Køge Bugt Vinter 2013"]
[Site "Solrød Skole"]
[Date "2013.01.09"]
[Round "1.5"]
[White "Larsen, Paul M"]
[Black "Krag-Jacobsen, Alan"]
[Result "1-0"]
[WhiteElo "1628"]
[BlackElo "1635"]
[PlyCount "83"]
[EventDate "2013.??.??"]
[WhiteTeam "Haslev Skakklub"]
[BlackTeam "Solrød Skakklub"]

1. d4 d5 2. Nf3 Nc6 3. e3 a6 4. Bd3 Nf6 5. O-O Bg4 6. Be2 e6 7. Nbd2 Bd6 8. c4
dxc4 9. Nxc4 O-O 10. a3 Be7 11. b4 Bxf3 12. Bxf3 Qd7 13. Bb2 Rfd8 14. Qc2 Bf8
15. Rfd1 Qe8 16. Rac1 Rac8 17. Qe2 Bd6 18. e4 Bf4 19. Ne3 Bxe3 20. fxe3 Qe7 21.
e5 Nd5 22. e4 Nf4 23. Qd2 Ng6 24. Bh5 Ncxe5 25. Qf2 Nd7 26. Rf1 Nf6 27. Bf3 c6
28. Qe3 Nf8 29. Qb3 N8d7 30. a4 b5 31. Rfe1 Nb6 32. d5 c5 33. bxc5 Rxc5 34. Ba3
Nxa4 35. Bxc5 Nxc5 36. Qb4 Rc8 37. Re3 exd5 38. e5 Nfd7 39. Bg4 Qg5 40. Rec3
Qe7 41. Bxd7 Qxd7 42. Rxc5 1-0

[Event "Køge Bugt Vinter 2013"]
[Site "Solrød Skole"]
[Date "2013.01.09"]
[Round "1.6"]
[White "Trærup, Jørgen"]
[Black "Øllgaard, Lars"]
[Result "0-1"]
[WhiteElo "1596"]
[BlackElo "1461"]
[PlyCount "106"]
[EventDate "2013.??.??"]
[WhiteTeam "Enkeltmedlem"]
[BlackTeam "Solrød Skakklub"]

1. d4 d5 2. c4 Nc6 3. e3 Nf6 4. Nc3 Bf5 5. Be2 e6 6. a3 Be7 7. Nf3 Be4 8. c5
Bxf3 9. Bxf3 b6 10. b4 O-O 11. O-O a5 12. b5 Na7 13. c6 Bd6 14. a4 Nc8 15. Ba3
Qe7 16. Bxd6 Nxd6 17. Qe2 Nc4 18. e4 Qb4 19. Rfc1 dxe4 20. Nxe4 Nd6 21. Nxd6
Qxd6 22. Qe5 Rad8 23. Rd1 Nd5 24. Bxd5 exd5 25. Qxd6 Rxd6 26. Kf1 Re6 27. Re1
Rfe8 28. Rxe6 Rxe6 29. Re1 g5 30. Rxe6 fxe6 31. g4 Kf7 32. Ke2 Kf6 33. Ke3 e5
34. f3 Ke6 35. Kd3 Kf6 36. h3 h6 37. Ke3 Ke6 38. Kd3 exd4 39. Kxd4 Kd6 40. Ke3
Kc5 41. f4 d4+ 42. Kd3 gxf4 43. h4 f3 44. Kd2 Kc4 45. g5 hxg5 46. hxg5 d3 47.
g6 f2 48. g7 f1=Q 49. g8=Q+ Kb4 50. Qg4+ Ka3 51. Qe4 Qe2+ 52. Qxe2 dxe2 53.
Kxe2 Kxa4 0-1

[Event "Køge Bugt Vinter 2013"]
[Site "Solrød Skole"]
[Date "2013.01.09"]
[Round "1.7"]
[White "Orup, Kim Amdi"]
[Black "Thinggaard, Jørgen"]
[Result "1-0"]
[WhiteElo "1713"]
[BlackElo "1455"]
[PlyCount "73"]
[EventDate "2013.??.??"]
[WhiteTeam "Solrød Skakklub"]
[BlackTeam "Solrød Skakklub"]

1. e4 d5 2. exd5 Qxd5 3. Nc3 Qa5 4. d4 c6 5. Bd2 Nf6 6. Ne4 Qd5 7. Nxf6+ exf6
8. Be3 Be7 9. h3 b5 10. Qf3 Bb4+ 11. c3 Bxc3+ 12. bxc3 Qd6 13. Bd3 Qa3 14. Ne2
O-O 15. O-O a5 16. Rfb1 b4 17. Qh5 g6 18. Qc5 Ba6 19. Bc1 Qa4 20. Bxa6 Rxa6 21.
cxb4 Qd1+ 22. Kh2 Qxe2 23. bxa5 Nd7 24. Qd6 Rd8 25. Qc7 Qe8 26. Rb7 Qe7 27.
Rab1 Qe8 28. Ra7 Rxa7 29. Qxa7 Ra8 30. Qc7 Rc8 31. Qd6 c5 32. Be3 cxd4 33. Bxd4
Ne5 34. Qxf6 Kf8 35. Bxe5 Rc5 36. Bd6+ Kg8 37. Bxc5 1-0

[Event "Køge Bugt Vinter 2013"]
[Site "Solrød Skole"]
[Date "2013.01.23"]
[Round "2.1"]
[White "Christensen, Verner"]
[Black "Hald, Morten Hansen"]
[Result "1/2-1/2"]
[WhiteElo "1961"]
[BlackElo "1784"]
[PlyCount "71"]
[EventDate "2013.??.??"]
[WhiteTeam "Solrød Skakklub"]
[BlackTeam "Køge Skakklub"]

1. e4 e5 2. Nf3 Nc6 3. c3 Nf6 4. d4 exd4 5. e5 Ng4 6. cxd4 Bb4+ 7. Nc3 d6 8. h3
dxe5 9. hxg4 exd4 10. a3 Qe7+ 11. Be2 dxc3 12. axb4 cxb2 13. Bxb2 Qxb4+ 14. Qd2
Qxd2+ 15. Nxd2 O-O 16. O-O-O Be6 17. Bd3 f5 18. gxf5 Nb4 19. Ne4 Nxd3+ 20. Rxd3
Bxf5 21. Rg3 Bg6 22. Ng5 Rxf2 23. Bd4 Rc2+ 24. Kd1 Rd8 25. Ne6 Rc4 26. Rh4 Rd6
27. Re4 c5 28. Rf3 Rxe6 29. Rxe6 Rxd4+ 30. Kc1 Rd7 31. Re1 h6 32. Rfe3 Kf8 33.
Rf1+ Kg8 34. Rfe1 Kf8 35. Rf1+ Kg8 36. Rfe1 1/2-1/2

[Event "Køge Bugt Vinter 2013"]
[Site "Solrød Skole"]
[Date "2013.01.23"]
[Round "2.2"]
[White "Krogh, Peter Ove"]
[Black "Hansen, Jeppe"]
[Result "1-0"]
[WhiteElo "1901"]
[BlackElo "1540"]
[PlyCount "79"]
[EventDate "2013.??.??"]
[WhiteTeam "Køge Skakklub"]
[BlackTeam "Vordingborg Skakklub"]

1. c4 Nf6 2. Nc3 g6 3. e4 e5 4. Nf3 Nc6 5. d4 exd4 6. Nxd4 Bg7 7. Nxc6 bxc6 8.
Bg5 O-O 9. Qd2 Qe8 10. f3 Bb7 11. Be2 d6 12. Rd1 Nd7 13. O-O Qe6 14. Bh6 Bxh6
15. Qxh6 f5 16. Qh3 Ne5 17. b3 Bc8 18. f4 Ng4 19. Bxg4 fxg4 20. Qd3 a5 21. g3
Bb7 22. Rfe1 Rad8 23. Qd2 Qc8 24. Qe3 c5 25. Qd2 c6 26. Qc1 Qc7 27. Rd2 h5 28.
Re3 h4 29. Qd1 Bc8 30. Red3 Qg7 31. e5 hxg3 32. hxg3 d5 33. Na4 Qa7 34. Qe2 Bf5
35. Re3 d4 36. Re4 Bxe4 37. Qxe4 Kg7 38. e6 Qe7 39. Qe5+ Kh6 40. Rh2+ 1-0

[Event "Køge Bugt Vinter 2013"]
[Site "Solrød Skole"]
[Date "2013.01.23"]
[Round "2.3"]
[White "Stuhr, Finn"]
[Black "Larsen, Paul M"]
[Result "1-0"]
[WhiteElo "1705"]
[BlackElo "1628"]
[PlyCount "69"]
[EventDate "2013.??.??"]
[WhiteTeam "Køge Skakklub"]
[BlackTeam "Haslev Skakklub"]

1. e4 c6 2. d4 d5 3. e5 g6 4. f4 f6 5. Nf3 fxe5 6. fxe5 Bg7 7. Bd3 c5 8. c3 c4
9. Bc2 e6 10. O-O Ne7 11. Ng5 Nf5 12. g4 h6 13. gxf5 hxg5 14. f6 Bh6 15. Bxg6+
Kd7 16. Qg4 Kc7 17. Na3 a6 18. Nc2 Qg8 19. Bh5 Rh7 20. b3 cxb3 21. axb3 Bd7 22.
Ba3 b6 23. Bd6+ Kb7 24. Qe2 Be8 25. Bf3 g4 26. Bg2 Bg5 27. Bxb8 Kxb8 28. Rxa6
Rxa6 29. Qxa6 Rb7 30. Qa3 Bf7 31. Qd6+ Kc8 32. Ra1 Rb8 33. Ra7 Qd8 34. Qc6+ Qc7
35. Qxc7# 1-0

[Event "Køge Bugt Vinter 2013"]
[Site "Solrød Skole"]
[Date "2013.01.23"]
[Round "2.4"]
[White "Øllgaard, Lars"]
[Black "Nielsen, Brian Møbjerg"]
[Result "1/2-1/2"]
[WhiteElo "1461"]
[BlackElo "1611"]
[PlyCount "69"]
[EventDate "2013.??.??"]
[WhiteTeam "Solrød Skakklub"]
[BlackTeam "Præstø Skakklub"]

1. e4 c5 2. Nc3 a6 3. Nf3 d6 4. Bc4 e6 5. a3 Qc7 6. d3 Nf6 7. Bg5 Be7 8. h3 O-O
9. Qd2 Nbd7 10. O-O b6 11. Rfe1 Bb7 12. Qf4 Rac8 13. Re2 Rfe8 14. Rae1 Qc6 15.
Qg3 Kh8 16. e5 Nxe5 17. Rxe5 dxe5 18. Nxe5 Qc7 19. Nxf7+ Kg8 20. Bxe6 Qxg3 21.
fxg3 Kf8 22. Bxc8 Rxc8 23. Ne5 Rd8 24. Ng4 Kf7 25. Rf1 Kg6 26. Nxf6 Kxg5 27.
Nce4+ Kg6 28. Ng4 h6 29. Ne5+ Kh7 30. Rf7 Re8 31. Nd7 Bxe4 32. dxe4 b5 33. e5
Kg6 34. e6 Bd6 35. Rf3 1/2-1/2

[Event "Køge Bugt Vinter 2013"]
[Site "Solrød Skole"]
[Date "2013.01.23"]
[Round "2.5"]
[White "Forsmann, Henning"]
[Black "Christensen, Peter"]
[Result "1-0"]
[WhiteElo "1737"]
[BlackElo "1715"]
[PlyCount "73"]
[EventDate "2013.??.??"]
[WhiteTeam "Solrød Skakklub"]
[BlackTeam "Køge Skakklub"]

1. e4 c5 2. f4 d6 3. Nf3 Nc6 4. Bb5 Bd7 5. Nc3 g6 6. O-O Bg7 7. a3 a6 8. Bc4 e6
9. Re1 Nge7 10. d3 O-O 11. e5 d5 12. Ba2 Nf5 13. Ne2 Bh6 14. d4 b6 15. c3 a5
16. Bb1 Nh4 17. Ng5 f6 18. exf6 Qxf6 19. Rf1 Ne7 20. Qe1 Nhf5 21. g4 Nd6 22.
Be3 Nc4 23. Bc1 Bxg5 24. fxg5 Qg7 25. b3 Nd6 26. Bf4 Nb7 27. Bd3 Nc6 28. Qg3
cxd4 29. cxd4 Rae8 30. Ba6 Bc8 31. Rac1 Nxd4 32. Be5 Rxf1+ 33. Rxf1 Nxe2+ 34.
Bxe2 Qe7 35. Qh4 Rf8 36. Rc1 Qf7 37. Rc7 1-0

[Event "Køge Bugt Vinter 2013"]
[Site "Solrød Skole"]
[Date "2013.01.23"]
[Round "2.6"]
[White "Sørensen, Aron Frank"]
[Black "Orup, Kim Amdi"]
[Result "1-0"]
[WhiteElo "1688"]
[BlackElo "1713"]
[PlyCount "83"]
[EventDate "2013.??.??"]
[WhiteTeam "Solrød Skakklub"]
[BlackTeam "Solrød Skakklub"]

1. c4 f5 2. g3 Nf6 3. Bg2 c6 4. Nc3 g6 5. d3 Bg7 6. e4 d6 7. Nge2 Qb6 8. O-O
Ng4 9. Na4 Qd8 10. h3 Ne5 11. Qc2 Na6 12. a3 Nc7 13. d4 Nf7 14. Be3 O-O 15.
exf5 Bxf5 16. Qd2 e5 17. g4 Bd7 18. Nac3 Re8 19. dxe5 dxe5 20. Rad1 Be6 21. Qc1
Qh4 22. Ne4 Qe7 23. b4 b6 24. Ng5 Bd7 25. b5 Nxg5 26. Bxg5 Bf6 27. Rxd7 Qxd7
28. Bxf6 Qe6 29. Bh4 Rac8 30. Bxc6 Rf8 31. Rd1 Qf7 32. Rd7 Qe8 33. Rxc7 Rxc7
34. Bxe8 Rxe8 35. Qd2 Rec8 36. Qd5+ Kf8 37. Qxe5 Rxc4 38. Nf4 Kf7 39. Qe7+ Kg8
40. Ne6 Rc1+ 41. Kg2 R8c7 42. Qf8# 1-0

[Event "Køge Bugt Vinter 2013"]
[Site "Solrød Skole"]
[Date "2013.01.23"]
[Round "2.7"]
[White "Krag-Jacobsen, Alan"]
[Black "Trærup, Jørgen"]
[Result "1/2-1/2"]
[WhiteElo "1635"]
[BlackElo "1596"]
[PlyCount "125"]
[EventDate "2013.??.??"]
[WhiteTeam "Solrød Skakklub"]
[BlackTeam "Enkeltmedlem"]

1. e4 e5 2. Nf3 Nc6 3. Bb5 d6 4. d4 Bd7 5. O-O a6 6. Ba4 Be7 7. c3 Bf6 8. Be3
Nge7 9. Nbd2 O-O 10. a3 Ng6 11. Bc2 Bg4 12. h3 Bd7 13. Nb3 h6 14. Qd2 Kh7 15.
Rad1 Nh4 16. Nh2 Nxg2 17. Kxg2 Qc8 18. Kh1 Bxh3 19. Rg1 g5 20. Qe2 Rg8 21. Ng4
Bg7 22. Rg3 Bxg4 23. Qxg4 Qxg4 24. Rxg4 f6 25. c4 b6 26. c5 exd4 27. Nxd4 Ne5
28. Rgg1 bxc5 29. Nf5 Nc4 30. Bc1 Rab8 31. b4 cxb4 32. Bb3 Nxa3 33. Bxg8+ Kxg8
34. Ne7+ Kf7 35. Nf5 Bf8 36. Rg3 Nc4 37. Be3 b3 38. Bd4 b2 39. Bxb2 Rxb2 40.
Rc1 d5 41. exd5 Rxf2 42. Nxh6+ Bxh6 43. Rxc4 Rd2 44. Rxc7+ Kg6 45. Ra3 Rxd5 46.
Rxa6 g4 47. Rcc6 Rf5 48. Kg2 Bf4 49. Ra8 Rd5 50. Rg8+ Kf5 51. Rf8 Be5 52. Rh8
Rd2+ 53. Kf1 Rd1+ 54. Ke2 Rd4 55. Rh5+ Kf4 56. Rh6 Re4+ 57. Kd2 f5 58. Rh1 Rd4+
59. Ke2 Re4+ 60. Kd2 Kg5 61. Rc8 Rd4+ 62. Ke2 Re4+ 63. Kd2 1/2-1/2

[Event "Køge Bugt Vinter 2013"]
[Site "Solrød Skole"]
[Date "2013.02.13"]
[Round "4.2"]
[White "Forsmann, Henning"]
[Black "Krogh, Peter Ove"]
[Result "1-0"]
[WhiteElo "1737"]
[BlackElo "1901"]
[PlyCount "107"]
[EventDate "2013.??.??"]
[WhiteTeam "Solrød Skakklub"]
[BlackTeam "Køge Skakklub"]

1. e4 c5 2. f4 Nc6 3. Nf3 d6 4. Bb5 g6 5. c3 Qb6 6. a4 a6 7. Bc4 Bg7 8. d3 e6
9. Nbd2 Nge7 10. Ba2 O-O 11. Nc4 Qd8 12. O-O b5 13. Ne3 b4 14. d4 cxd4 15. cxd4
d5 16. e5 Qb6 17. b3 a5 18. Rf2 Kh8 19. Rc2 Ba6 20. Ng4 Nf5 21. Kh1 Ncxd4 22.
Nxd4 Qxd4 23. Qxd4 Nxd4 24. Rc5 Be2 25. Nf6 Bxf6 26. exf6 Rfc8 27. Rxc8+ Rxc8
28. Bb2 Nf5 29. Be5 h5 30. Kg1 Bd3 31. Rd1 Be4 32. Re1 Kg8 33. Bb1 Bxb1 34.
Rxb1 Kf8 35. Re1 Ke8 36. h3 Kd7 37. g4 hxg4 38. hxg4 Nd6 39. Kg2 Ne4 40. Re2
Nc5 41. Re3 Ne4 42. Rh3 Rc2+ 43. Kf3 Nd2+ 44. Ke3 Nxb3 45. Rh7 d4+ 46. Bxd4
Nxd4 47. Rxf7+ Kc8 48. Rf8+ Kb7 49. f7 Nc6 50. Re8 b3 51. f8=Q b2 52. Ra8 b1=Q
53. Qc8+ Kb6 54. Ra6+ 1-0

[Event "Køge Bugt Vinter 2013"]
[Site "Solrød Skole"]
[Date "2013.02.13"]
[Round "4.3"]
[White "Christensen, Verner"]
[Black "Christensen, Peter"]
[Result "1/2-1/2"]
[WhiteElo "1961"]
[BlackElo "1715"]
[PlyCount "88"]
[EventDate "2013.??.??"]
[WhiteTeam "Solrød Skakklub"]
[BlackTeam "Køge Skakklub"]

1. e4 c5 2. d4 cxd4 3. c3 d3 4. c4 d6 5. Nc3 Nf6 6. Bxd3 e6 7. Nf3 Nc6 8. O-O
Be7 9. a3 a6 10. Qc2 Qc7 11. Bf4 b6 12. Rfe1 h6 13. Rac1 Bb7 14. b4 O-O 15. Qb1
Nd7 16. Nd5 Qd8 17. Nxe7+ Qxe7 18. Bg3 e5 19. Red1 Nf6 20. Bh4 g5 21. Bg3 Nh5
22. Qb2 Nxg3 23. hxg3 g4 24. Nh4 Nd4 25. Nf5 Nxf5 26. exf5 Rad8 27. Qe2 h5 28.
Be4 Bc8 29. f3 Qg5 30. fxg4 hxg4 31. Rf1 b5 32. Bb1 Bd7 33. Rc3 bxc4 34. Rxc4
Bb5 35. Rxg4 Bxe2 36. Rxg5+ Kh7 37. f6+ Kh6 38. Rff5 Rg8 39. Rg7 Rxg7 40. fxg7
Bc4 41. g8=N+ Rxg8 42. Rf6+ Kh5 43. Be4 Be6 44. Rf3 d5 1/2-1/2

[Event "Køge Bugt Vinter 2013"]
[Site "Solrød Skole"]
[Date "2013.02.13"]
[Round "4.4"]
[White "Krag-Jacobsen, Alan"]
[Black "Nielsen, Steen"]
[Result "1/2-1/2"]
[WhiteElo "1635"]
[BlackElo "1814"]
[PlyCount "68"]
[EventDate "2013.??.??"]
[WhiteTeam "Solrød Skakklub"]
[BlackTeam "Solrød Skakklub"]

1. b3 d5 2. Bb2 c5 3. e3 Nc6 4. d4 Nf6 5. dxc5 e6 6. Nf3 Bxc5 7. a3 O-O 8. Nbd2
a6 9. Be2 b5 10. c4 bxc4 11. bxc4 d4 12. exd4 Nxd4 13. Nxd4 Bxd4 14. Bxd4 Qxd4
15. Rb1 Qa7 16. Bf3 Rb8 17. Rxb8 Qxb8 18. O-O Bb7 19. Qc2 Bxf3 20. Nxf3 Rc8 21.
Rb1 Qf4 22. Rc1 Nd7 23. Nd2 Nc5 24. Rb1 h6 25. a4 Nxa4 26. Qxa4 Qxd2 27. Qxa6
Rd8 28. g3 Qe2 29. Qc6 e5 30. Ra1 Rd2 31. Qe8+ Kh7 32. Qxf7 Rd1+ 33. Rxd1 Qxd1+
34. Kg2 Qd3 1/2-1/2

[Event "Køge Bugt Vinter 2013"]
[Site "Solrød Skole"]
[Date "2013.02.13"]
[Round "4.5"]
[White "Jørgensen, Leif"]
[Black "Orup, Kim Amdi"]
[Result "0-1"]
[WhiteElo "1684"]
[BlackElo "1713"]
[PlyCount "104"]
[EventDate "2013.??.??"]
[WhiteTeam "Solrød Skakklub"]
[BlackTeam "Solrød Skakklub"]

1. e4 e5 2. Nf3 Nf6 3. Nc3 d6 4. d3 h6 5. Be3 Nc6 6. d4 Bg4 7. d5 Ne7 8. Be2
Bxf3 9. Bxf3 Ng6 10. g3 Be7 11. h4 a6 12. h5 Nf8 13. Qd2 N8d7 14. O-O-O c5 15.
g4 Nb6 16. Be2 Nc8 17. f4 Nd7 18. g5 b5 19. Bg4 Ncb6 20. Rdg1 Nc4 21. Qf2 Nxe3
22. Qxe3 exf4 23. Bxd7+ Qxd7 24. Qf3 Bxg5 25. Ne2 O-O-O 26. Kb1 Rde8 27. Nxf4
Re7 28. Nh3 f6 29. Re1 Rhe8 30. Nxg5 fxg5 31. Re3 Re5 32. Rhe1 g4 33. Qg3 Rxh5
34. Qf4 Rhe5 35. Kc1 h5 36. Kd2 Qe7 37. b3 g5 38. Qg3 Qd7 39. Kd3 h4 40. Qg1 g3
41. Rf1 Qg4 42. Qg2 Kd7 43. Qf3 Qxf3 44. Rfxf3 g2 45. Re1 g4 46. Rf4 Rg8 47.
Rg1 h3 48. Ke3 h2 49. Rxg2 h1=Q 50. Rfxg4 Rxg4 51. Rxg4 Qc1+ 52. Kd3 Qd1+ 0-1

[Event "Køge Bugt Vinter 2013"]
[Site "Solrød Skole"]
[Date "2013.02.13"]
[Round "4.1"]
[White "Stuhr, Finn"]
[Black "Hald, Morten Hansen"]
[Result "1-0"]
[WhiteElo "1705"]
[BlackElo "1784"]
[PlyCount "151"]
[EventDate "2013.??.??"]
[WhiteTeam "Køge Skakklub"]
[BlackTeam "Køge Skakklub"]

1. e4 e5 2. Nf3 Nc6 3. Bb5 a6 4. Ba4 b5 5. Bb3 Nf6 6. O-O Bc5 7. Re1 Bb7 8. c3
d6 9. d4 Bb6 10. Bg5 h6 11. Bh4 g5 12. Nxg5 hxg5 13. Bxg5 Rg8 14. h4 Qe7 15.
Qf3 Rg6 16. Qh3 Bc8 17. Qg3 Qf8 18. Bd5 Nxd5 19. exd5 Nxd4 20. cxd4 Bxd4 21.
Nc3 f6 22. Qd3 Qg7 23. Qxd4 fxg5 24. h5 Rf6 25. Qe3 Bg4 26. Ne4 Rh6 27. Qxg5
Qxg5 28. Nxg5 Rxh5 29. Ne4 O-O-O 30. Rac1 Rdh8 31. f3 Bd7 32. Nxd6+ Kb8 33. Ne4
Kb7 34. Nc5+ Kc8 35. Nxa6 Kb7 36. Rxc7+ Kxa6 37. Rxd7 Kb6 38. b4 Ra8 39. Re2
Ra4 40. Rc2 Rh6 41. Rb2 Rh4 42. g4 Ra3 43. Rc2 Rh6 44. Rcc7 Ra8 45. a3 Rd6 46.
Rb7+ Ka6 47. Kf2 Rxd7 48. Rxd7 Kb6 49. Rd6+ Kc7 50. Rc6+ Kd7 51. Rc3 Kd6 52.
Rd3 Rf8 53. Ke3 Rf4 54. Kf2 e4 55. Re3 Kxd5 56. Rxe4 Rf7 57. g5 Ra7 58. Re3 Rf7
59. Kg3 Kd4 60. Re4+ Kd5 61. Rf4 Ra7 62. g6 Rg7 63. Rg4 Ke5 64. Rg5+ Kf6 65.
Kg4 Ke6 66. Rxb5 Ra7 67. Ra5 Rc7 68. Rc5 Ra7 69. Rg5 Kf6 70. Ra5 Rc7 71. Ra6+
Kg7 72. Kg5 Rd7 73. f4 Rd5+ 74. f5 Re5 75. a4 Rd5 76. b5 1-0

[Event "Køge Bugt Vinter 2013"]
[Site "Solrød Skole"]
[Date "2013.02.27"]
[Round "5.1"]
[White "Forsmann, Henning"]
[Black "Stuhr, Finn"]
[Result "0-1"]
[WhiteElo "1737"]
[BlackElo "1705"]
[PlyCount "58"]
[EventDate "2013.02.27"]
[WhiteTeam "Solrød Skakklub"]
[BlackTeam "Køge Skakklub"]
[WhiteTeamCountry "DEN"]
[BlackTeamCountry "DEN"]

1. e4 e5 2. Nf3 Nc6 3. Bb5 a6 4. Ba4 b5 5. Bb3 Nf6 6. O-O Be7 7. Re1 O-O 8. d4
exd4 9. Nxd4 Ne5 10. Qe2 Bb7 11. Nf3 Nxf3+ 12. Qxf3 c5 13. c4 Nxe4 14. Nc3 Nd6
15. Qg4 Re8 16. cxb5 axb5 17. Be3 c4 18. Bc2 b4 19. Ne2 Bf6 20. Bd4 Bxd4 21.
Qxd4 Qg5 22. g3 Qd5 23. Qxd5 Bxd5 24. Rad1 Bf3 25. Rxd6 Bxe2 26. Rb6 Bf3 27.
Re3 b3 28. Rbxb3 cxb3 29. Bxb3 Rxe3 0-1

[Event "Køge Bugt Vinter 2013"]
[Site "Solrød Skole"]
[Date "2013.02.27"]
[Round "5.2"]
[White "Hald, Morten Hansen"]
[Black "Christensen, Peter"]
[Result "1/2-1/2"]
[WhiteElo "1784"]
[BlackElo "1715"]
[PlyCount "76"]
[EventDate "2013.02.27"]
[WhiteTeam "Køge Skakklub"]
[BlackTeam "Køge Skakklub"]
[WhiteTeamCountry "DEN"]
[BlackTeamCountry "DEN"]

1. Nc3 d5 2. e4 dxe4 3. Nxe4 e6 4. d4 Nc6 5. c3 Nf6 6. Bg5 Be7 7. Ng3 O-O 8.
Bd3 Nd5 9. Bd2 Nf6 10. Qe2 a6 11. Nf3 Bd6 12. O-O Re8 13. Bg5 Bd7 14. Ne5 Be7
15. Bxf6 Bxf6 16. Bxh7+ Kf8 17. Bc2 Bxe5 18. dxe5 Qg5 19. f4 Qh6 20. Rad1 Rad8
21. Qc4 Qh4 22. Qc5+ Qe7 23. Qxe7+ Nxe7 24. Be4 c6 25. Rd2 Nd5 26. Bxd5 cxd5
27. Rfd1 Rc8 28. f5 exf5 29. Rxd5 Be6 30. Ra5 g6 31. Ne2 b6 32. Ra3 Bc4 33. Nd4
a5 34. Nf3 Be2 35. Re1 Bxf3 36. gxf3 Rc5 37. f4 Rc4 38. Rf1 g5 1/2-1/2

[Event "Køge Bugt Vinter 2013"]
[Site "Solrød Skole"]
[Date "2013.02.27"]
[Round "5.3"]
[White "Orup, Kim Amdi"]
[Black "Christensen, Verner"]
[Result "0-1"]
[WhiteElo "1713"]
[BlackElo "1961"]
[PlyCount "108"]
[EventDate "2013.02.27"]
[WhiteTeam "Solrød Skakklub"]
[BlackTeam "Solrød Skakklub"]
[WhiteTeamCountry "DEN"]
[BlackTeamCountry "DEN"]

1. e4 e5 2. Bc4 Nf6 3. Nc3 Nxe4 4. Qh5 Nd6 5. Bb3 Be7 6. Qxe5 O-O 7. Nge2 Nc6
8. Qg3 Nf5 9. Qf4 d6 10. d3 Ne5 11. O-O Ng6 12. Qd2 Nfh4 13. Ng3 Bh3 14. Bd5 c6
15. Bf3 Nxf3+ 16. gxf3 Bxf1 17. Nxf1 Nh4 18. Qd1 Qd7 19. Bf4 Qh3 20. Ne3 Nxf3+
21. Kh1 Ng5 22. Qg4 Qxg4 23. Nxg4 Ne6 24. Ne2 Nxf4 25. Nxf4 Rae8 26. Kg1 Bg5
27. Ng2 f5 28. N4e3 Bxe3 29. fxe3 d5 30. Rf1 g5 31. h3 Kg7 32. Rf3 h5 33. Kf2
Kh6 34. Rg3 c5 35. h4 g4 36. Nf4 d4 37. Ke2 Rxe3+ 38. Rxe3 dxe3 39. Kxe3 Re8+
40. Kd2 g3 41. c3 Rg8 42. Ng2 f4 43. Ke2 Rg4 44. Kf3 Kg6 45. b3 b5 46. a3 a5
47. Ke4 Kf6 48. Kf3 Ke5 49. a4 bxa4 50. bxa4 Kd5 51. Ke2 c4 52. d4 Ke4 53. Kf1
f3 54. d5 fxg2+ 0-1

[Event "Køge Bugt Vinter 2013"]
[Site "Solrød Skole"]
[Date "2013.02.27"]
[Round "5.4"]
[White "Krogh, Peter Ove"]
[Black "Krag-Jacobsen, Alan"]
[Result "1-0"]
[WhiteElo "1901"]
[BlackElo "1635"]
[PlyCount "119"]
[EventDate "2013.02.27"]
[WhiteTeam "Køge Skakklub"]
[BlackTeam "Solrød Skakklub"]
[WhiteTeamCountry "DEN"]
[BlackTeamCountry "DEN"]

1. c4 e5 2. Nc3 Nf6 3. e4 c6 4. d4 exd4 5. Qxd4 Be7 6. e5 Ng8 7. Nf3 f6 8. Bf4
fxe5 9. Bxe5 Nf6 10. c5 b6 11. b4 Ba6 12. Bc4 Bxc4 13. Qxc4 b5 14. Qe2 O-O 15.
O-O a5 16. a3 axb4 17. axb4 Na6 18. Qb2 Qc8 19. Qb3+ Kh8 20. Ng5 Qe8 21. Rfe1
Qh5 22. Nf3 Qf7 23. Qxf7 Rxf7 24. Bg3 Bd8 25. Bd6 Bc7 26. Ng5 Kg8 27. Nxf7 Kxf7
28. Re7+ Kg6 29. Bxc7 Nxc7 30. Rxa8 Nxa8 31. f3 Nc7 32. Kf2 Na6 33. Na2 Nc7 34.
Re2 Nfd5 35. g3 Kf7 36. h4 Na6 37. Re4 Nac7 38. Ke2 Nf6 39. Rd4 Nfd5 40. Kd2
Ne6 41. Rd3 Ke7 42. Kc2 Ndc7 43. Nc3 Na6 44. Kb3 Naxc5+ 45. bxc5 Nxc5+ 46. Kc2
Nxd3 47. Kxd3 Ke6 48. Ne4 h6 49. Nc5+ Kd6 50. Kd4 Kc7 51. g4 Kd6 52. h5 Ke7 53.
f4 Kd6 54. g5 hxg5 55. fxg5 Ke7 56. Ne4 d6 57. Nxd6 Kf8 58. Kc5 Kg8 59. Nf5 Kf7
60. Nd4 1-0